000 01017nam a2200289Ia 4500
001 Para_8747
003 CHAP
008 220125s2003 xx 000 0 und d
010 _a207547
040 _cCHAP
090 _aPA TESIS 1735
100 _aXolo Fiscal, David
_9122910
245 _aSelectividad de tres herbicidas sobre el cultivo de calabacita (Cucurbita pep L.) a cuatro profundidades de siembra, en dos tipos de suelo, en Chapingo, México /
_c por David Xolo Fiscal
260 _aChapingo, Méx. :
_b el autor
300 _a46 h.
502 _aTesis (Ing. Agr. Esp. en Parasitología Agrícola) -- UACh. Departamento Parasitología Agrícola
650 _aCalabaza
_x malas hierbas
_xcontrol
_917282
650 _aHerbicidas
_953691
710 _aUACh. Departamento Parasitología Agrícola
_9164025
901 _aPA TESIS 1735
902 _aA
905 _a0000002003 an 0000000000 00
910 _a2003
942 _cPARA
942 _cPARA
_d1
999 _c207547
_d207547